000 00375 a2200109 4500
001 ART_47643
005 20260410162013.0
008 260409a
245 1 0 _aSobre los otros factores de imputación de la responsabilidad estatal
100 1 _aBalbín, Carlos Francisco
773 0 _tTemas de derecho administrativo
_g- Año 3, N° 10 (oct. 2018)
_wREV40468
999 _c32422
_d32422